LEADER 00971nam a2200229 i 4500 001 000000190767 003 CaOOAMICUS 005 20100701000000.0 008 100701s1947 it u000 u ita u 013 $a169216 040 $aSeMil$bita 100 1 $aFueloep-Miller, René.$0(OLS)http://semarc/name/22637 240 14$aThe saints that moved the world.$0(OLS)http://semarc/title/274867 245 12$aI santi che mossero il mondo /$cdi René Fülöp-Miller. 260 $a[Milano] :$bArnoldo Mondadori Editore,$c1947. 300 $a441 p., [52] p. di tav. ;$c23 cm. 500 $aIn mezzo al front : Con 52 illustrazioni fuori testo. 650 4$aAgiografia.$0(OLS)http://semarc/subject/327 850 $aSeMil 852 $aSeMil$W1$xVenegono$y1$m3H IV 126$j141384$B141384$CSeMilBibl$Z2$F152929 $81 996 $6245$aI santi che mossero il mondo$9(OLS)http://semarc/title/274866 996 $6260$a[Milano] :$bArnoldo Mondadori Editore$9(OLS)http://semarc/publisher/29634 LEADER 01055nam a2200265 i 4500 001 000000112066 003 CaOOAMICUS 005 20030206000000.0 008 030206s1993 it u000 u ita u 013 $a84750 040 $aSeMil$bita 100 1 $aBello, Antonio,$c.$0(OLS)http://semarc/name/4578 245 10$aTi voglio bene /$cAntonio Bello. 260 $aMolfetta :$bLuce e vita,$cstampa 1993. 300 $a61 p. :$bill. ;$c21 cm. 490 0 $aQuaderni di Luce e vita ;$v21 500 $aFondo Card. C.M. Martini. 650 4$aBello, Antonio - Lettere e carteggi.$0(OLS)http://semarc/subject/20133 830 0$aQuaderni di Luce e vita ;$v21.$0(OLS)http://semarc/title/11146 850 $aSeMil 852 $aSeMil$W1$xVenegono$y1$m3F III 103$j67855$B67855$CSeMilBibl$Z2$F84235 $81 941 1 $a4 961 $aOmaggio: Martini Card. Carlo Maria 996 $6245$aTi voglio bene$9(OLS)http://semarc/title/163305 996 $6260$aMolfetta :$bLuce e vita$9(OLS)http://semarc/publisher/45216